Cólicos del caballo / (Record no. 57431)

MARC details
000 -LEADER
campo de control de longitud fija 00962nam a2200253 i 4500
001 - NÚMERO DE CONTROL
campo de control 57431
003 - IDENTIFICADOR DE NÚMERO DE CONTROL
campo de control ES-MaACL
005 - FECHA Y HORA DE LA ÚLTIMA TRANSACCIÓN
campo de control 20250328181250.0
007 - CAMPO FIJO DE DESCRIPCIÓN FÍSICA--INFORMACIÓN GENERAL
campo de control de longitud fija t|
008 - DATOS DE LONGITUD FIJA--INFORMACIÓN GENERAL
campo de control de longitud fija 031016s1950 sp ||||1| spa d
100 1# - ENTRADA PRINCIPAL--NOMBRE DE PERSONA
Nombre de persona Doenecke, Helmut.
9 (RLIN) 44984
245 10 - MENCIÓN DEL TÍTULO
Título Cólicos del caballo /
Mención de responsabilidad, etc. Helmut Doenecke ; versión directa de la 2ª edición alemana por Juan García Cobacho.
250 ## - MENCION DE EDICION
Mención de edición 1ª ed.
260 ## - PUBLICACIÓN, DISTRIBUCIÓN, ETC.
Lugar de publicación, distribución, etc. Madrid :
Nombre del editor, distribuidor, etc. Cultura Clásica y Moderna,
Fecha de publicación, distribución, etc. 1950 (
Fabricante Cosano)
300 ## - DESCRIPCIÓN FÍSICA
Extensión 441 p. ;
Dimensiones 22 cm.
510 ## - NOTA DE CITAS O REFERENCIAS BIBLIOGRÁFICAS
Nombre de la fuente CCPB,
Localización dentro de la fuente 001021708-8
650 #4 - PUNTO DE ACCESO ADICIONAL DE MATERIA--TÉRMINO DE MATERIA
Término de materia o nombre geográfico como elemento de entrada Caballos-
Subdivisión general Enfermedades.
9 (RLIN) 148590
700 1# - ENTRADA AGREGADA--NOMBRE PERSONAL
Nombre de persona García Cobacho, Juan.
9 (RLIN) 54374
852 ## - LOCALIZACIÓN
Ubicación ES-MaACL
Número de control de estantería D-6314
itemnumber 59642
Sublocalización o colección R.30297
-- R.M.5909
Ubicación en estantería Sala Valle Inclán
Marcas de propiedad Sello en tinta azul de la Biblioteca del Ateneo de Madrid
942 ## - ELEMENTOS DE ENTRADA SECUNDARIOS (KOHA)
Fuente del sistema de clasificación o colocación Clasificación decimal universal
Tipo de ítem Koha Libro impreso
Holdings
Estatus retirado Estado de pérdida Estado de daño No para préstamo Biblioteca de origen Biblioteca actual Ubicación en estantería Fecha de adquisición Fuente de adquisición Total de préstamos Signatura topográfica completa Código de barras Visto por última vez Precio de reemplazo Tipo de ítem Koha
        Biblioteca del Ateneo de Madrid Biblioteca del Ateneo de Madrid Sala Valle Inclán 17/01/2008     D-6314 901060293 23/02/2023 23/02/2023 Libro impreso